A godforsaken hole /

Bibliographic Details
Main Author: Zami︠a︡tin, Evgeniĭ Ivanovich, 1884-1937
Format: Book
Language:English
Published: Ann Arbor, Mich. : Ardis, [1988]

MARC

Tag First Indicator Second Indicator Subfields
LEADER 00000cam a2200000 a 4500
001 in00000034346
005 20151007060658.0
008 871124s1988 miu 00011 eng
010 |a  87034499  
020 |a 0882338277 (alk. paper) 
035 |a (OCoLC)17300188 
035 |9 AAC1431AM 
040 |a DLC  |c DLC  |d TXA  |d UtOrBLW 
041 1 |a eng  |h rus 
049 |a TXAM  |c [A11550730] 
050 0 0 |a PG3476.Z34  |b N313 1988 
082 0 |a 891.73/42  |2 19 
100 1 |a Zami︠a︡tin, Evgeniĭ Ivanovich,  |d 1884-1937. 
240 1 0 |a Na kulichkakh.  |l English 
245 1 2 |a A godforsaken hole /  |c Evgeny Zamyatin ; translated by Walker Foard. 
264 1 |a Ann Arbor, Mich. :  |b Ardis,  |c [1988] 
264 4 |c ©1988 
300 |a 110 pages ;  |c 21 cm. 
336 |a text  |b txt  |2 rdacontent 
337 |a unmediated  |b n  |2 rdamedia 
338 |a volume  |b nc  |2 rdacarrier 
500 |a Translation of: Na kulichkakh. 
999 |a MARS 
999 f f |s 35ecb29a-4b7f-3a4a-99ff-4225c5fe070a  |i ea6c2243-1f37-3f71-85b5-84f7dc48cae7  |t 0 
952 f f |p normal  |a Texas A&M University  |b College Station  |c Sterling C. Evans Library  |d Evans: Library Stacks  |t 0  |e PG3476.Z34 N313 1988  |h Library of Congress classification  |i unmediated -- volume  |m A14811550730 
998 f f |a PG3476.Z34 N313 1988  |t 0  |l Evans: Library Stacks